Które państwo#2 Azja - Statystyki

Ogólne statystyki
  • Ten quiz został rozwiązany 66 razy
  • Średni wynik to 8 z 15
Statystyki odpowiedzi
Zagadnienie Odpowiedź % Poprawnych
Afgani to waluta którego państwa? Afganistan
100%
Phnom Penh to stolica którego państwa? Kambodża
100%
Które państwo jest większe? Wietnam
100%
Euro to waluta którego państwa? Cypr
67%
Które państwo ma większą populacje? Gruzja
67%
Koreański to język którego państwa? Korea Północna
67%
Aszchabad to stolica którego państwa? Turkmenistan
67%
Sum to waluta którego państwa? Uzbekistan
67%
Które państwo jest większe? Indonezja
33%
Które państwo jest mniejsze? Irak
33%
Które państwo ma większą populacje? Korea Południowa
33%
Które państwo jest większe? Laos
33%
Które państwo ma większą populację? Sri Lanka
33%
Które państwo jest większe? Tajlandia
33%
Które państwo jest mniejsze? Cypr
0%
Nie znaleziono quizów pasujących do podanych kryteriów
Rozkład punktacji
Procent ludzi z każdym wynikiem
Percentyl według liczby udzielonych odpowiedzi
Twoja historia wyników
Nie rozwiązałeś tego quizu